000 00966nac a22003011i 4500
003 EG-ScBUE
005 20241109104927.0
008 241109t2006 njua | 001 0 eng d
020 _a0132018179
020 _a9780132018173
040 _aEG-ScBUE
_beng
_erda
_cEG-ScBUE
_dEG-ScBUE
082 0 4 _a519.2
_bROS
_222
100 1 _aRoss, Sheldon M.,
_eauthor.
245 1 2 _aA first course in probability /
_cSheldon Ross, University of Southern California.
250 _aSeventh edition.
250 _aInternational edition.
264 1 _aUpper Saddle River, N.J. :
_bPearson Prentice Hall,
_c[2006]
264 4 _cc2006
300 _ax, 565 pages :
_billustrations ;
_c25 cm
336 _2rdacontent
_atext
_btxt
337 _aunmediated
_2rdamedia
_bn
338 _avolume
_bnc
_2rdacarrier
500 _aIncludes index.
500 _aIncludes Appendices.
650 7 _aProbabilities
_vTextbooks.
_2BUEsh
655 _vReading book
942 _cBB
_2ddc
999 _c859
_d859